Central Library OPAC University of Rajshahi

The causes of the English Revolution, 1529-1642 / (Record no. 24712)

MARC details
000 -LEADER
fixed length control field 00975nam a2200289 4500
001 - CONTROL NUMBER
control field 24712
003 - CONTROL NUMBER IDENTIFIER
rucl marc code BD-RjUL
005 - DATE AND TIME OF LATEST TRANSACTION
control field 20211209001105.0
008 - FIXED-LENGTH DATA ELEMENTS--GENERAL INFORMATION
fixed length control field 140315r19751972enk b 001 0 eng d
020 ## - INTERNATIONAL STANDARD BOOK NUMBER
International Standard Book Number 0710072481
-- 071007249X (pbk.)
035 ## - SYSTEM CONTROL NUMBER
System control number (BD-RjUL)24781
040 ## - CATALOGING SOURCE
Original cataloging agency DLC
Transcribing agency DLC
Modifying agency DLC
-- BD-RjUL
Language of cataloging eng
041 ## - LANGUAGE CODE
Language code of text/sound track or separate title eng
082 00 - DEWEY DECIMAL CLASSIFICATION NUMBER
Classification number 942.062
Author mark and year STC 1975
100 1# - MAIN ENTRY--PERSONAL NAME
Personal name Stone, Lawrence.
9 (RLIN) 5351
245 14 - TITLE STATEMENT
Title The causes of the English Revolution, 1529-1642 /
Statement of responsibility, etc. Lawrence Stone
260 ## - PUBLICATION, DISTRIBUTION, ETC. (IMPRINT)
Place of publication, distribution, etc. London :
Name of publisher, distributor, etc. Routledge and K. Paul,
Date of publication, distribution, etc. 1972. [Reprinted 1975]
300 ## - PHYSICAL DESCRIPTION
Pagination xiv, 168 p. ;
Size 23 cm.
350 ## - PRICE (NR) (BK AM CF MU VM SE) [OBSOLETE]
Price £2.00
504 ## - BIBLIOGRAPHY, ETC. NOTE
Bibliography, etc Includes bibliographical references. and Index
651 #0 - SUBJECT ADDED ENTRY--GEOGRAPHIC NAME
Geographic name Great Britain
General subdivision History
Chronological subdivision Civil War, 1642-1649
General subdivision Causes.
9 (RLIN) 74222
Geographic name Great Britain
General subdivision Politics and government
Chronological subdivision 1558-1603.
9 (RLIN) 76066
Geographic name Great Britain
General subdivision Politics and government
Chronological subdivision 1603-1649.
9 (RLIN) 76067
942 ## - ADDED ENTRY ELEMENTS (KOHA)
Source of classification or shelving scheme Dewey Decimal Classification
Koha item type Books
Holdings
Lost status Source of classification or shelving scheme Damaged status Not for loan Collection code Permanent Location Current Location Shelving location Date acquired Source of acquisition Total Checkouts Full call number Date last seen Copy number Koha item type
  Dewey Decimal Classification   Added to bundle Non-fiction Central Library, University of Rajshahi Central Library, University of Rajshahi Reading Room 14/06/1977 W. Heffers & Sons London Gift   942.062 STC 1975 15/03/2014 C-1 Books